Converging in Divergent Ways : Explaining Intra-industry Trade between CESEE Countries and the EU-15

Analýza obchodu v rámci priemyslu medzi krajinami strednej, východnej a juhovýchodnej Európy a EÚ-15. Posudzovanie determinantov obchodu v rámci odvetvia tým, že je spájaná podrobná databáza obchodných tokov na úrovni produktov so štrukturálnymi, menovými a inštitucionálnymi premennými na úrovni kra...

Ausführliche Beschreibung

Gespeichert in:
Bibliographische Detailangaben
1. Verfasser: Dautović, Ernest
Weitere Verfasser: Országhová, Lucia, 1982-, Schudel, Willem
Format: Buchkapitel
Sprache:Englisch
Schlagworte:
Tags: Tag hinzufügen
Keine Tags, Fügen Sie das erste Tag hinzu!

MARC

LEADER 00000naa a2200000 4500
001 0236435
005 20240502083631.0
041 0 |a eng 
044 |a US 
245 1 0 |a Converging in Divergent Ways : Explaining Intra-industry Trade between CESEE Countries and the EU-15  |c Ernest Dautović, Lucia Országhová, Willem Schudel 
520 |a Analýza obchodu v rámci priemyslu medzi krajinami strednej, východnej a juhovýchodnej Európy a EÚ-15. Posudzovanie determinantov obchodu v rámci odvetvia tým, že je spájaná podrobná databáza obchodných tokov na úrovni produktov so štrukturálnymi, menovými a inštitucionálnymi premennými na úrovni krajiny. 
610 2 0 |a konvergencia 
610 2 0 |a východná Európa 
610 2 0 |a stredná Európa 
610 2 0 |a Európska únia 
610 2 0 |a obchod 
610 2 0 |a vzťahy medzipodnikové 
100 1 |a Dautović, Ernest 
700 1 |a Országhová, Lucia, 1982- 
700 1 |a Schudel, Willem